Xây dựng đội ngũ cán bộ lãnh đạo và đội ngũ cán bộ quản lí kinh doanh trong thời kì công nghiệp hóa hiện đại hóa đất nước

Salvato in:
Dettagli Bibliografici
Autore principale: Nguyễn Trọng Bảo
Natura: Libro
Lingua:Undetermined
Pubblicazione: Hà Nội Giáo Dục 1998
Soggetti:
Tags: Aggiungi Tag
Nessun Tag, puoi essere il primo ad aggiungerne! !
Thư viện lưu trữ: Trung tâm Học liệu Trường Đại học Cần Thơ
LEADER 00640nam a2200169Ia 4500
001 CTU_27393
008 210402s9999 xx 000 0 und d
082 |a 658.3 
082 |b B108 
100 |a Nguyễn Trọng Bảo 
245 0 |a Xây dựng đội ngũ cán bộ lãnh đạo và đội ngũ cán bộ quản lí kinh doanh trong thời kì công nghiệp hóa hiện đại hóa đất nước 
245 0 |c Nguyễn Trọng Bảo 
260 |a Hà Nội 
260 |b Giáo Dục 
260 |c 1998 
650 |a personnel management 
980 |a Trung tâm Học liệu Trường Đại học Cần Thơ